000 00707nam a22002051a 4500
003 OSt
005 20150408114039.0
008 120524s2011 xxu||||g |||| 00| 0 ara d
020 _a9789775059260
040 _aعمادة شؤون المكتبات في جامعة المجمعة
082 0 4 _221
_a212
_b212 ت ا خ
100 1 _aالعسري، خالد
_914909
245 1 2 _aالتربية والشورى :
_bالأسئلة والأجوبة /
_cخالد العسري.
250 _aط. 1.
260 _aالقاهرة :
_bدار السلام،
_c2011
300 _a197 ص. ؛
_c24 سم.
650 7 _2aucsh
_aالتربية الإسلامية
650 7 _2aucsh
_aالشورى
_92321
942 _2ddc
_cBOOK
999 _c23659
_d258159